000 01597nam a2200469 i 4500
001 991007380679705066
003 KOSZ 005
005 20200629123349.0
008 200629s1987 pl a g 000 0 pol
015 _aUWD 1987/9260
020 _a8320320925
035 _a991007380679705066
035 _a(PL-WaBN)b11915298-48omnis_nlop
035 _ab11915298
035 _a(OCoLC)751016824
035 _a(PL)b0000001191529
035 _a(EXLNZ-48OMNIS_NETWORK)9910169772405606
040 _aWA N
_cWA N
_dKOSZ 005/AR
046 _k1987
080 _a69:728.3
100 1 _aPodolak, Ewa
_d(1944-2018)
_eAutor
245 1 0 _aDomy dla was /
_cEwa Podolak ; [przedmowa Krystian Seibert].
260 _aWarszawa :
_bMłodzieżowa Agencja Wydawnicza,
_c1987.
300 _a105, [3] strony. :
_bilustracje ;
_c19 x 21 cm.
336 _aTekst
_btxt
_2rdacontent
337 _aBez urządzenia pośredniczącego
_bn
_2rdamedia
338 _aWolumin
_bnc
_2rdacarrier
380 _aKsiążki
380 _aPublikacje fachowe
388 _a1901-2000
388 _a1945-1989
490 1 _aChcę Mieszkać
650 7 _aBudownictwo mieszkaniowe
_2DBN
650 7 _aBudownictwo jednorodzinne
_2DBN
658 _aArchitektura i budownictwo
700 1 _aSeibert, Krystian
_d(1930-2015)
_ePrzedmowa
710 2 _4pbl
_aMłodzieżowa Agencja Wydawnicza
830 0 _aChcę Mieszkać
856 _uhttp://koha.tu.koszalin.pl/cgi-bin/koha/opac-detail.pl?biblionumber=3454
_y Katalog online BPK
942 _2UKD
_cKS
999 _c3454
_d3454